TEXTBOOK OF BIOCHEMISTRY FOR MEDICAL STUDENTS (Record no. 193831)

MARC details
000 -LEADER
fixed length control field 00577nam a2200205Ia 4500
003 - CONTROL NUMBER IDENTIFIER
control field OSt
005 - DATE AND TIME OF LATEST TRANSACTION
control field 20250812111530.0
020 ## - INTERNATIONAL STANDARD BOOK NUMBER
International Standard Book Number 978-93-85999-74-1
040 ## - CATALOGING SOURCE
Transcribing agency LC
050 ## - LIBRARY OF CONGRESS CALL NUMBER
Classification number QP 518.5 .V 37 2016
Item number 7
100 ## - MAIN ENTRY--PERSONAL NAME
Personal name VASUDEVAN, D.M.
245 #0 - TITLE STATEMENT
Title TEXTBOOK OF BIOCHEMISTRY FOR MEDICAL STUDENTS
250 ## - EDITION STATEMENT
Edition statement 8
260 ## - PUBLICATION, DISTRIBUTION, ETC.
Place of publication, distribution, etc. NEW DELHI,
Name of publisher, distributor, etc. Jaypee Brothers Medical Publishers (P)
Date of publication, distribution, etc. 2016,
300 ## - PHYSICAL DESCRIPTION
Extent XVi, 718 P, ILL
500 ## - GENERAL NOTE
General note INCLUDES INDEX
650 ## - SUBJECT ADDED ENTRY--TOPICAL TERM
Topical term or geographic name entry element Biochemistry, MCQs and Self-assessment
700 ## - ADDED ENTRY--PERSONAL NAME
Personal name S SREEKUMARI, VAIDYANATHAN KANNAN
942 ## - ADDED ENTRY ELEMENTS (KOHA)
Koha item type Long Loan Book
Source of classification or shelving scheme Library of Congress Classification
Suppress in OPAC No
Holdings
Withdrawn status Lost status Source of classification or shelving scheme Damaged status Not for loan Collection Home library Current library Shelving location Date acquired Inventory number Total checkouts Full call number Barcode Date last seen Date last checked out Copy number Price effective from Koha item type
    Library of Congress Classification     Medicine Kisii University Library Kisii University Library On Display 09/15/2023 094507 3 QP 518.5 .V37 2016 041752 04/18/2024 04/12/2024 7 09/15/2023 Long Loan Book